The Double Quiz Stats

 Plays Quiz Updated Oct 1, 2018

Score 0/26 Timer 08:00
1 Play Today
Hint Answer % Correct
A big red bus in London or a rather meaty sandwichDouble Decker
88.1%
A spy for one party who poses as a spy for the otherDouble Agent
81.9%
A betting technique in blackjackDouble Down
78.2%
From Seinfeld, a socially taboo method for eating chipsDouble Dip
77.5%
A legal procedural defense or the second round on a certain TV quiz showDouble Jeopardy
77.1%
Geometric structure often used in reference to the structure of DNADouble Helix
75.5%
A challenging variation of Jump ropeDouble Dutch
74.9%
Double your pleasure, double your fun with this chewing gumDoublemint Gum
73.4%
In golf, two shots over parDouble Bogey
71.9%
In tennis, two successive failures to serve the ball into the service boxDouble Fault
71.1%
In basketball having 2-digit totals of two of the five statistical categoriesDouble Double
65.8%
A betrayal or swindle of an associate or friendDouble Cross
64.7%
Payment of a worker at twice the regular wage rateDouble Time
61.6%
Hint Answer % Correct
An available size of a mobile homeDouble Wide
59%
In baseball slang, this is referred to as 'turning two'Double Play
56.8%
A coat or jacket that overlaps in front to allow for two rows of buttonsDouble Breasted
55.7%
International chain of hotels and resorts whose parent company is Hilton WorldwideDoubleTree
54.9%
A sometimes risqué expression that it can be understood in two waysDouble Entendre
52.7%
1980s Nickelodeon game show...get ready for the green slimeDouble Dare
51.2%
The more common term for DiplopiaDouble Vision
49.3%
A syntactic construction that we don't not have an example of in this clueDouble Negative
48.6%
Deliberately ambiguous or evasive languageDoublespeak
42.2%
In photography, one frame of film containing images from 2 shotsDouble Exposure
36.7%
A provision in a life insurance or a 1944 Billy Wilder filmDouble Indemnity
28.7%
1987 brawler video game from Technos JapanDouble Dragon
22.8%
Jean-Claude Van Damme starred with Jean-Claude Van Damme in this 1991 filmDouble Impact
6.6%

You're not logged in!

Compare scores with friends on all Sporcle quizzes.
OR
Log In

Sporcle TV

Today on Sporcle TV


Watch our educational content, quiz creation guides, and fun videos on Sporcle TV.

Show Comments

Extras

Top Quizzes Today


Score Distribution

Your Account Isn't Verified!

In order to create a playlist on Sporcle, you need to verify the email address you used during registration. Go to your Sporcle Settings to finish the process.

Report this User

Report this user for behavior that violates our Community Guidelines.

Details: